000 00491cam a2200181ua 4500
001 4152
008 111219n ii |||gr||||Z||||||asm
040 _cMAIN
082 _a891.4513
100 1 _aBarua, Prahlad Kumar,
245 1 1 _aPrahlad Kumar Baruar galpa sankalan
_cby Prahlad Kumar Barua
250 _a1st.
260 _aDhemaji:
_bKiran prakashan,
_c2011.
300 _a534p:
_c23cm.
653 _aAssamese short stories
653 _aPrahlad Kumar Baruar galpa sankalan
942 _cBK
999 _c3974
_d3974